[Event "DRUZYNOWE MISTRZOSTWA POLSKI - II LIGA 2018"]
[Site "Jastrzebia Gora"]
[Date "1899-12-30"]
[Round "2.23"]
[White "Kaim, Piotr"]
[Black "Rawski, Slawomir"]
[Result "1-0"]
[WhiteTitle "m"]
[BlackTitle "FM"]
[WhiteElo "2172"]
[BlackElo "2126"]

1. e4 e6 2. d3 d5 3. Nd2 Nf6 4. Ngf3 b6 5. Be2 Ba6 6. O-O Be7 7. Re1 O-O 8. c3
c5 9. Qc2 Qc7 10. Nf1 Nc6 11. Ng3 Rac8 12. Bf1 Rfe8 13. e5 Nd7 14. Bf4 f5 15.
Nxf5 exf5 16. e6 Qb7 17. exd7 Qxd7 18. Qa4 Nb8 19. Qb3 Bf6 20. Be5 Kf7 21. Qc2
Nc6 22. Bxf6 Kxf6 23. Qa4 Bb7 24. Qh4+ Kg6 25. Qf4 h6 26. Nh4+ Kf6 27. g4 g5 28.
Qxf5+ Qxf5 29. Nxf5 Ne5 30. Be2 Re6 31. d4 Ng6 32. Bb5 Bc6 33. Rxe6+ Kxe6 34.
Re1+ Kf6 35. Bxc6 Rxc6 36. Re8 Rc7 37. Rd8 cxd4 38. Rd6+ Kf7 39. Nxh6+ Kg7 40.
Nf5+ Kh7 41. Nxd4 Nf4 42. Ne6 Nxe6 43. Rxe6 Rc4 44. f3 b5 45. Rd6 b4 46. cxb4
Rxb4 47. Rxd5 Rxb2 48. Ra5 Rb7 49. Kg2 Kg6 50. Ra6+ Kf7 51. Kg3 Rc7 52. h4 1-0

[Event "DRUZYNOWE MISTRZOSTWA POLSKI - II LIGA 2018"]
[Site "Jastrzebia Gora"]
[Date "1899-12-30"]
[Round "2.24"]
[White "Mikulewicz, Joanna"]
[Black "Bednarska-bzdega, Malgorzata"]
[Result "1-0"]
[WhiteTitle "FM"]
[BlackTitle "WFM"]
[WhiteElo "2031"]
[BlackElo "1991"]

1. e4 c6 2. d4 d5 3. Nc3 dxe4 4. Nxe4 Bf5 5. Ng3 Bg6 6. Nf3 Nd7 7. h4 h6 8. h5
Bh7 9. Bd3 Bxd3 10. Qxd3 Ngf6 11. Bd2 Qc7 12. O-O-O O-O-O 13. Qe2 e6 14. Ne5 Nxe5
15. dxe5 Nd5 16. f4 Be7 17. Ne4 c5 18. c4 Nb4 19. Kb1 Kb8 20. Bc3 Nc6 21. g4 Rxd1+
22. Rxd1 Rd8 23. Rxd8+ Qxd8 24. Qd2 Qxd2 25. Bxd2 Kc7 26. Bc3 Kd7 27. Kc2 b6 28.
Kd3 Nb8 29. f5 Nc6 30. Ke3 Bf8 31. Kf4 exf5 32. gxf5 Nd8 33. Ng3 Nc6 34. Ke4 Nd8
35. Kd5 Be7 36. Ne4 Bf8 37. Bd2 Be7 38. Bc3 Bf8 39. Nf2 Be7 40. Nh3 Bh4 41. Nf4
Bg5 42. Nd3 Be7 43. a3 a5 44. e6+ Ke8 45. Bxg7 Bg5 46. Ne5 fxe6+ 47. fxe6 Ke7
48. Ng6+ Ke8 49. Be5 Bc1 50. Nh4 a4 51. Nf5 Nb7 52. Bg7 1-0

[Event "DRUZYNOWE MISTRZOSTWA POLSKI - II LIGA 2018"]
[Site "Jastrzebia Gora"]
[Date "1899-12-30"]
[Round "2.25"]
[White "Sapis, Witalis"]
[Black "Teclaf, Pawel"]
[Result "1/2-1/2"]
[WhiteTitle "IM"]
[BlackTitle "CM"]
[WhiteElo "2369"]
[BlackElo "2390"]

1. d4 Nf6 2. Nf3 g6 3. Bf4 Bg7 4. h3 O-O 5. e3 d6 6. c3 c5 7. Bc4 b6 8. O-O Bb7
9. Nbd2 Nbd7 10. Bh2 a6 11. a4 Ra7 12. Be2 Qa8 13. Ne1 Rc8 14. Bf3 b5 15. Nd3
cxd4 16. exd4 Bxf3 17. Nxf3 Nb6 18. axb5 axb5 19. Rxa7 Qxa7 20. Re1 Nfd5 21. Bg3
Bf6 22. Bh4 Bxh4 23. Nxh4 Qa4 24. Nf3 Qxd1 25. Rxd1 Ra8 26. Rb1 Nc4 27. Kf1 Ra2
28. Ke1 f6 29. Nd2 Nxc3 30. bxc3 Rxd2 31. Nf4 Rb2 32. Ra1 Kf7 33. Ra7 Rb3 34.
Rb7 Rxc3 35. Nd5 Rc1+ 36. Ke2 Ke6 37. Rxb5 g5 38. Ne3 Nxe3 39. fxe3 h5 40. h4
Rc2+ 41. Kf1 gxh4 1/2-1/2

[Event "DRUZYNOWE MISTRZOSTWA POLSKI - II LIGA 2018"]
[Site "Jastrzebia Gora"]
[Date "1899-12-30"]
[Round "2.26"]
[White "Kempinski, Tomasz"]
[Black "Karwowski, Kacper"]
[Result "0-1"]
[WhiteTitle "FM"]
[BlackTitle "k"]
[WhiteElo "2152"]
[BlackElo "2164"]

1. e4 c5 2. Nf3 d6 3. d4 Nf6 4. Nc3 cxd4 5. Qxd4 a6 6. Bg5 Nbd7 7. O-O-O e5 8.
Qa4 Rb8 9. Nd5 b5 10. Qa3 Bb7 11. Kb1 Bxd5 12. exd5 Qb6 13. Be3 Qb7 14. c4 Be7
15. Nh4 g6 16. Be2 Ne4 17. Nf3 b4 18. Qb3 f5 19. Nd2 Nxd2+ 20. Bxd2 Nc5 21. Qe3
O-O 22. f4 Ne4 23. Bd3 exf4 24. Qe2 Nc3+ 25. Bxc3 bxc3 26. b3 Kg7 27. Qc2 Bf6
28. g3 a5 29. Ka1 a4 30. Rb1 axb3 31. Rxb3 Qa7 32. Rhb1 Rxb3 33. Rxb3 Qg1+ 34.
Rb1 Qxh2 35. gxf4 Qxf4 36. a4 Ra8 37. Ka2 Ra7 38. Rb6 Bd4 39. Rb8 Qd2 40. Rd8
Rxa4+ 0-1

[Event "DRUZYNOWE MISTRZOSTWA POLSKI - II LIGA 2018"]
[Site "Jastrzebia Gora"]
[Date "1899-12-30"]
[Round "2.27"]
[White "Rudnicki, Milosz"]
[Black "Bartkowiak, Damian"]
[Result "1-0"]
[WhiteTitle "k"]
[BlackTitle "k"]
[WhiteElo "2184"]
[BlackElo "2148"]

1. e4 c6 2. d4 d5 3. exd5 cxd5 4. c4 Nf6 5. Nc3 g6 6. cxd5 Bg7 7. Be2 O-O 8. Qb3
Na6 9. Bf3 Qb6 10. Qxb6 axb6 11. Nge2 Nb4 12. O-O Rd8 13. d6 exd6 14. Bf4 Ra5
15. a3 Nd3 16. b4 Ra6 17. Bg5 h6 18. Bxf6 Bxf6 19. Nd5 Kg7 20. Nxf6 Kxf6 21. g3
Be6 22. Nc3 Bc4 23. Bxb7 Ra7 24. Bd5 b5 25. Rfb1 Kg7 26. Bxc4 bxc4 27. d5 g5 28.
a4 Rda8 29. a5 Kf6 30. Nb5 Rb7 31. Nxd6 Rxb4 32. Rxb4 Nxb4 33. Nxc4 Nxd5 34. Rd1
Ne7 35. Rd6+ Kg7 36. Kg2 Ra7 37. Rb6 Nf5 38. a6 g4 39. Ne5 h5 40. Nc6 Rd7 41.
a7 Rd2 42. Kf1 Ra2 43. Rb8 Nd4 44. Nxd4 Rxa7 45. Rb6 Ra1+ 46. Kg2 Ra4 47. Nf5+
1-0

[Event "DRUZYNOWE MISTRZOSTWA POLSKI - II LIGA 2018"]
[Site "Jastrzebia Gora"]
[Date "1899-12-30"]
[Round "2.28"]
[White "Niemier, Hubert"]
[Black "Wacior, Maciej"]
[Result "1/2-1/2"]
[WhiteTitle "I"]
[BlackTitle "k"]
[WhiteElo "1838"]
[BlackElo "2099"]

1. d4 d5 2. c4 e6 3. Nc3 c6 4. Nf3 Nf6 5. Bg5 h6 6. Bh4 dxc4 7. a4 Bb4 8. Qc2 b5
9. Bxf6 Qxf6 10. axb5 Bb7 11. bxc6 Nxc6 12. e3 O-O 13. Bxc4 Na5 14. Be2 Bd5 15.
O-O Rfc8 16. Qa4 Bxc3 17. bxc3 Nb3 18. Ra3 Rxc3 19. Bd1 Qg6 20. e4 Qxe4 21. Bxb3
Bc6 22. Qb4 Rxf3 23. Bd5 Bxd5 24. Rxf3 a5 25. Qe7 Rf8 26. Qa7 h5 27. Qxa5 h4 28.
Qd2 Qg6 29. Qf4 Bxf3 30. Qxf3 Rd8 31. Rd1 Rd5 32. h3 f5 33. Qf4 1/2-1/2

[Event "DRUZYNOWE MISTRZOSTWA POLSKI - II LIGA 2018"]
[Site "Jastrzebia Gora"]
[Date "1899-12-30"]
[Round "2.29"]
[White "Gosciniak, Tomasz"]
[Black "Olejarczyk, Wojciech"]
[Result "1/2-1/2"]
[WhiteTitle "I"]
[BlackTitle "I"]
[WhiteElo "1934"]
[BlackElo "1815"]

1. Nf3 Nf6 2. d4 d6 3. c4 g6 4. h3 Bg7 5. Nc3 O-O 6. Bg5 c5 7. e3 Qa5 8. Bd3 Nc6
9. Bh4 e5 10. dxe5 dxe5 11. O-O Be6 12. Qb3 Qb4 13. Rfd1 Na5 14. Qxb4 cxb4 15.
Nb5 Bxc4 16. Nxe5 Bxd3 17. Nxd3 b3 18. axb3 Nc6 19. Nc5 Rfd8 20. Nxb7 Rxd1+ 21.
Rxd1 Ne4 22. Ra1 Bxb2 23. Ra6 Ne5 24. Rxa7 Rc8 25. N7d6 Rc1+ 26. Kh2 Nd2 27. Kg3
Nf1+ 28. Kf4 h6 29. Nd4 Nd3+ 30. Ke4 Nc5+ 31. Kd5 g5 32. Bg3 Nd3 33. Nxf7 Nb4+
34. Ke6 Bxd4 35. exd4 Rc6+ 36. Kf5 Nxg3+ 37. fxg3 Rb6 38. Nxh6+ Rxh6 39. Kxg5
Rd6 40. g4 Rxd4 41. Kh5 Nd5 42. Kg6 Nf4+ 43. Kf6 Nxg2 44. Ra8+ Kh7 45. Ra7+ Kg8
46. Ra8+ Kh7 47. Ra7+ 1/2-1/2

[Event "DRUZYNOWE MISTRZOSTWA POLSKI - II LIGA 2018"]
[Site "Jastrzebia Gora"]
[Date "1899-12-30"]
[Round "2.30"]
[White "Huchwajda, Katarzyna"]
[Black "Gosciniak, Maria"]
[Result "1/2-1/2"]
[WhiteTitle "I++"]
[BlackTitle "WFM"]
[WhiteElo "1766"]
[BlackElo "2093"]

1. e4 Nf6 2. e5 Nd5 3. d4 d6 4. Nf3 Bg4 5. Be2 e6 6. O-O Be7 7. c4 Nb6 8. Qb3 O-O
9. exd6 cxd6 10. Be3 Nc6 11. Nbd2 Rc8 12. Rac1 Na5 13. Qa3 Naxc4 14. Nxc4 d5 15.
Qxa7 dxc4 16. Qa5 Ra8 17. Qb5 Rxa2 18. Ra1 Rxa1 19. Rxa1 Qc7 20. h3 Bf5 21. Ne5
Nd5 22. Qxc4 Qxc4 23. Nxc4 Nxe3 24. fxe3 Be4 25. Nb6 g6 26. Bf3 f5 27. Ra7 Bg5
28. Kf2 Rf7 29. Nc4 Rc7 30. b3 Kg7 31. Ke2 Bh4 32. Bxe4 fxe4 33. Nd2 Be7 34. Nxe4
h6 35. Kf3 Bb4 36. Nc5 Bxc5 37. dxc5 Rxc5 38. Rxb7+ Kf6 39. b4 Rc4 40. Rb6 Kf5
41. b5 Rb4 42. Rb8 h5 43. b6 g5 44. Rf8+ Ke5 45. Rg8 Kf6 46. Rb8 g4+ 47. hxg4
hxg4+ 48. Kg3 Ke5 49. b7 Rb2 50. Kxg4 Rxg2+ 51. Kf3 Rb2 52. Kg3 Rb4 53. Kf3 Rb2
1/2-1/2

[Event "DRUZYNOWE MISTRZOSTWA POLSKI - II LIGA 2018"]
[Site "Jastrzebia Gora"]
[Date "1899-12-30"]
[Round "2.31"]
[White "Bednarek, Sylwester"]
[Black "Szmyd, Arkadiusz"]
[Result "1-0"]
[WhiteTitle "FM"]
[BlackTitle "k"]
[WhiteElo "2336"]
[BlackElo "2126"]

1. e4 c6 2. d3 d5 3. Nd2 e5 4. Ngf3 Bd6 5. g3 Nf6 6. Bg2 O-O 7. O-O dxe4 8. dxe4
Qe7 9. Nc4 Bc7 10. Nh4 Rd8 11. Qe2 Bg4 12. Bf3 Bh3 13. Re1 Nbd7 14. b3 Nf8 15.
a4 Ne6 16. c3 Qd7 17. Be3 b5 18. Nb2 a6 19. Red1 Qe7 20. Nf5 Rxd1+ 21. Qxd1 Qf8
22. axb5 axb5 23. Ne7+ Kh8 24. Nxc6 h6 25. Nd3 Ng5 26. Bxg5 hxg5 27. Rxa8 Qxa8
28. Ncxe5 Qe8 29. Ng4 Bxg4 30. Bxg4 Qxe4 31. Bf3 Qf5 32. Qe2 Bd6 33. Bg2 g6 34.
h3 Kg7 35. Qe3 g4 36. h4 Qc8 37. Qd4 Qe6 38. c4 bxc4 39. bxc4 Kg8 40. Bd5 Qe7
41. c5 Bc7 42. Bg2 Qd8 43. Qxd8+ Bxd8 44. Bc6 Kf8 45. Kf1 Bc7 46. Ke2 Nh5 47.
Nb4 Ke7 48. Nd5+ Kd8 49. Nxc7 Kxc7 50. Be8 1-0

[Event "DRUZYNOWE MISTRZOSTWA POLSKI - II LIGA 2018"]
[Site "Jastrzebia Gora"]
[Date "1899-12-30"]
[Round "2.32"]
[White "Kaminski, Piotr"]
[Black "Tomczak, Rafal"]
[Result "1-0"]
[WhiteTitle "k"]
[BlackTitle "FM"]
[WhiteElo "2097"]
[BlackElo "2361"]

1. d4 d5 2. c4 dxc4 3. e4 e6 4. Bxc4 Nf6 5. e5 Bb4+ 6. Nc3 Nd5 7. Nge2 Nb6 8. Bb3
Bd7 9. O-O Bc6 10. Ng3 h5 11. a3 Bf8 12. Nge4 Be7 13. f4 Bxe4 14. Nxe4 Nc6 15.
Be3 Nd5 16. Bxd5 Qxd5 17. Nc3 Qd7 18. Qa4 O-O 19. Rad1 Nb8 20. Qc2 c6 21. f5 exf5
22. Rxf5 g6 23. Rf3 Qe6 24. Bh6 Nd7 25. Bxf8 Rxf8 26. Ne2 Bg5 27. Qb3 Nb6 28.
Qxe6 fxe6 29. Rxf8+ Kxf8 30. Rf1+ Ke7 31. Nf4 Bxf4 32. Rxf4 Nd5 33. Rf3 b5 34.
Kf2 a5 35. Rg3 Kf7 36. Rf3+ Kg7 37. g3 g5 38. Ke2 a4 39. Kd3 Kg8 40. Rf2 Kg7 41.
Ke4 g4 42. Rf1 Kg8 43. Rc1 Ne7 44. Kf4 1-0

[Event "DRUZYNOWE MISTRZOSTWA POLSKI - II LIGA 2018"]
[Site "Jastrzebia Gora"]
[Date "1899-12-30"]
[Round "2.33"]
[White "Lisowski, Krzysztof"]
[Black "Knopik, Krzysztof"]
[Result "1-0"]
[WhiteTitle "k"]
[BlackTitle "k"]
[WhiteElo "2061"]
[BlackElo "2078"]

1. e4 c6 2. d4 d5 3. exd5 cxd5 4. Bd3 Nc6 5. c3 g6 6. Nf3 Nf6 7. Bf4 Bg7 8. O-O
O-O 9. Nbd2 Bf5 10. Bxf5 gxf5 11. Ne5 Nxe5 12. dxe5 Ne4 13. Nf3 e6 14. Nd4 Qh4
15. g3 Qh3 16. f3 Nc5 17. Qd2 Kh8 18. Rfe1 a6 19. a4 Rac8 20. b3 Rg8 21. Rac1
h5 22. Bg5 Kh7 23. Kh1 h4 24. gxh4 Nd7 25. Qf4 Nxe5 26. Rxe5 f6 27. Rxe6 fxg5
28. Qxg5 Rgf8 29. Qg6+ Kh8 30. Re7 Rf6 1-0

[Event "DRUZYNOWE MISTRZOSTWA POLSKI - II LIGA 2018"]
[Site "Jastrzebia Gora"]
[Date "1899-12-30"]
[Round "2.34"]
[White "Boruta, Dawid"]
[Black "Dabrowska, Krystyna"]
[Result "1/2-1/2"]
[WhiteTitle "I"]
[BlackTitle "WGM"]
[WhiteElo "1854"]
[BlackElo "2201"]

1. f4 d5 2. Nf3 Nf6 3. g3 e6 4. Bg2 Be7 5. O-O O-O 6. d3 c5 7. Nc3 Nc6 8. e4 a6
9. e5 Nd7 10. h4 b5 11. Kh2 b4 12. Ne2 Rb8 13. Be3 a5 14. Bf2 a4 15. Ng5 Qc7 16.
Ng1 h6 17. N5f3 d4 18. Nd2 Bb7 19. Ngf3 Nb6 20. Qe2 Nd8 21. Ne4 Nd7 22. Nfd2 Bd5
23. Bh3 Re8 24. g4 f6 25. exf6 gxf6 26. Bg3 Qc6 27. g5 f5 28. gxh6 Nf7 29. h7+
Kh8 30. Ng5 Rf8 31. Qh5 Nd6 32. Rae1 Rf6 33. Ndf3 Nf8 34. Ne5 Qe8 35. Qe2 Nxh7
36. Bg2 Bxg2 37. Qxg2 Rh6 38. Kg1 Nf8 39. Re2 Bf6 40. Rfe1 Bg7 41. Qf3 Rb7 42.
Qc6 Qxc6 43. Nxc6 b3 44. axb3 axb3 45. Nd8 Rd7 46. Ndxe6 Nxe6 47. Nxe6 bxc2 48.
Nxc5 Rc7 49. Rxc2 Nb7 50. b4 Rhc6 51. Rec1 Kh7 52. Kg2 Bf8 53. Bf2 Bg7 54. Kf3
Bf6 55. Ke2 Nd6 56. Kd2 Rb6 57. Rb1 Rg7 58. Ne6 Rg2 59. Ke2 Bxh4 60. Kf3 Rxf2+
61. Rxf2 Bxf2 62. Kxf2 Nb5 63. Ng5+ Kg7 64. Nf3 Rc6 65. Rg1+ Kh7 66. Ng5+ Kh8
67. Nf7+ Kh7 68. Ne5 Rc2+ 69. Kf3 Rb2 70. Rg5 Nd6 71. Rg6 Nb5 72. Rf6 Rxb4 73.
Rxf5 Rb1 74. Rg5 Nc3 75. Nc6 Rd1 76. Ne5 Rf1+ 77. Kg4 Nd5 78. Nf3 Ne3+ 79. Kg3
Rd1 80. Ne5 Rf1 81. Nf3 Rd1 82. Ne5 Rf1 1/2-1/2

[Event "DRUZYNOWE MISTRZOSTWA POLSKI - II LIGA 2018"]
[Site "Jastrzebia Gora"]
[Date "1899-12-30"]
[Round "2.35"]
[White "Rak, Tomasz"]
[Black "Zawierucha, Aleksander"]
[Result "1/2-1/2"]
[WhiteTitle "k"]
[BlackTitle "k"]
[WhiteElo "2018"]
[BlackElo "1879"]

1. Nf3 d5 2. d4 Nf6 3. Bf4 e6 4. Nbd2 c5 5. e3 Bd6 6. Bg3 Nc6 7. c3 O-O 8. Bd3
b6 9. Ne5 Bb7 10. f4 Ne7 11. Bf2 Ne4 12. Nxe4 dxe4 13. Bc2 cxd4 14. exd4 f6 15.
Nc4 Bxf4 16. Qg4 e5 17. dxe5 fxe5 18. Rd1 Qc8 19. Qxc8 Nxc8 20. Rd7 Bc6 21. Rc7
Bd5 22. Ne3 Bxe3 23. Bxe3 Nd6 24. Rd7 Rfd8 25. Rxd8+ Rxd8 26. b3 Nf5 27. Ke2 Bc6
28. Rd1 Rxd1 29. Bxd1 Kf7 30. g3 Bb5+ 31. Kd2 Bd3 32. Bf2 Kf6 33. a4 e3+ 34. Bxe3
Nxe3 35. Kxe3 Bf5 36. Be2 a5 37. Bb5 Ke7 38. b4 Kd6 39. Be8 Bc2 40. Kd2 Bf5 41.
Ke3 Bc2 42. Kd2 Bf5 43. Ke3 Bc2 44. Kd2 Bf5 1/2-1/2

[Event "DRUZYNOWE MISTRZOSTWA POLSKI - II LIGA 2018"]
[Site "Jastrzebia Gora"]
[Date "1899-12-30"]
[Round "2.36"]
[White "Gonsior, Monika"]
[Black "Maculewicz, Angelika"]
[Result "1/2-1/2"]
[WhiteTitle "m"]
[BlackTitle "k"]
[WhiteElo "1993"]
[BlackElo "2026"]

1. e4 c6 2. d4 d5 3. exd5 cxd5 4. Bd3 Nc6 5. Ne2 Nf6 6. O-O Bg4 7. c3 e6 8. Qb3
Qd7 9. Bf4 Be7 10. Ng3 Nh5 11. Nxh5 Bxh5 12. Nd2 Bg6 13. Bxg6 hxg6 14. Nf3 O-O-O
15. Qa4 Bd6 16. Bxd6 Qxd6 17. g3 f6 18. h4 Rh5 19. b4 Kb8 20. Qc2 g5 21. hxg5
e5 22. Qg6 Rdh8 23. dxe5 Nxe5 24. Nxe5 Qxe5 25. Rae1 Rh1+ 26. Kg2 R1h2+ 27. Kg1
Rh1+ 28. Kg2 R1h2+ 29. Kg1 Rh1+ 30. Kg2 R1h2+ 1/2-1/2

[Event "DRUZYNOWE MISTRZOSTWA POLSKI - II LIGA 2018"]
[Site "Jastrzebia Gora"]
[Date "1899-12-30"]
[Round "2.37"]
[White "Brzezinski, Mateusz"]
[Black "Nowicki, Bartosz"]
[Result "1-0"]
[WhiteTitle "k"]
[BlackTitle "k++"]
[WhiteElo "2164"]
[BlackElo "2275"]

1. d4 Nf6 2. Bg5 c5 3. Bxf6 gxf6 4. d5 Qb6 5. Qc1 f5 6. g3 e5 7. Nf3 Bh6 8. e3
Qf6 9. Nbd2 d6 10. Nc4 Nd7 11. a4 f4 12. gxf4 exf4 13. e4 O-O 14. Qd2 Re8 15.
O-O-O Nb6 16. Nxd6 Qxd6 17. e5 Rxe5 18. Rg1+ Kf8 19. Qc3 f6 20. Nxe5 fxe5 21.
Qd3 Bg7 22. a5 Nd7 23. Qxh7 Qh6 24. Qxh6 Bxh6 25. Rg6 Bg7 26. Bc4 Bf6 27. d6 Ke8
28. Rdg1 e4 29. Rg8+ Nf8 30. Rxf8+ 1-0

[Event "DRUZYNOWE MISTRZOSTWA POLSKI - II LIGA 2018"]
[Site "Jastrzebia Gora"]
[Date "1899-12-30"]
[Round "2.38"]
[White "Parol, Pawel"]
[Black "Kujawski, Adam"]
[Result "0-1"]
[WhiteTitle "k"]
[BlackTitle "k"]
[WhiteElo "2157"]
[BlackElo "2209"]

1. d4 Nf6 2. c4 c5 3. Nf3 cxd4 4. Nxd4 Nc6 5. Nc3 e6 6. e3 Bb4 7. Bd2 O-O 8. Be2
d5 9. a3 Be7 10. cxd5 Nxd4 11. exd4 Nxd5 12. O-O Bf6 13. Be3 e5 14. Ne4 Nxe3 15.
fxe3 Bg5 16. Nxg5 Qxg5 17. Qb3 exd4 18. exd4 Be6 19. Bc4 Bxc4 20. Qxc4 Qe3+ 21.
Kh1 Rac8 22. Qd5 Rcd8 23. Qxb7 Qxd4 24. b4 Rd5 25. Rae1 h5 26. h3 Rd7 27. Qf3
Qh4 28. Re4 Qg5 29. Rf4 g6 30. Rc4 Re8 31. Rf4 Ree7 32. Rf6 Re3 33. Qa8+ Kg7 34.
R6f3 Re6 35. Qc8 Re2 36. Qc3+ Kg8 37. Rg3 Qh4 38. Qf3 Re4 39. Rg5 Qxg5 40. Qxe4
Kg7 41. Qf4 Qxf4 42. Rxf4 Rd1+ 43. Kh2 Ra1 44. Rf3 h4 45. Rc3 a6 46. Rd3 f5 47.
Rc3 Kh6 48. Rd3 Kh5 49. Rc3 Kg5 50. Rf3 Ra2 51. Kg1 Kf6 52. Re3 g5 53. Kf1 g4
54. hxg4 fxg4 55. Rc3 Ke5 56. Rc4 Kf5 57. Rc5+ Kf4 58. Rc4+ Kg3 59. Rc3+ Kh2 60.
Rc4 h3 61. gxh3 g3 62. Rg4 g2+ 0-1

[Event "DRUZYNOWE MISTRZOSTWA POLSKI - II LIGA 2018"]
[Site "Jastrzebia Gora"]
[Date "1899-12-30"]
[Round "2.39"]
[White "Kulczyk, Pawel"]
[Black "Graczyk, Damian"]
[Result "1/2-1/2"]
[WhiteTitle "k"]
[BlackTitle "k"]
[WhiteElo "2096"]
[BlackElo "2122"]

1. d4 Nf6 2. c4 e6 3. Nc3 Bb4 4. Qc2 O-O 5. Nf3 b6 6. a3 Bxc3+ 7. Qxc3 Bb7 8. Bg5
h6 9. Bh4 d6 10. e3 Nbd7 11. Bxf6 Qxf6 12. Be2 Rfe8 13. O-O e5 14. d5 Qg6 15.
b4 f5 16. Qc2 Rf8 17. Rfd1 Qf6 18. Rac1 g5 19. Qa4 Rf7 20. c5 bxc5 21. Bb5 Nb6
22. Qb3 cxb4 23. axb4 g4 24. Ne1 e4 25. Bc6 Bxc6 26. Rxc6 f4 27. exf4 Qxf4 28.
Rc2 a5 29. b5 a4 30. Qa2 Raf8 31. g3 Qe5 32. Ng2 h5 33. Nf4 Ra8 34. Re2 a3 35.
Qb3 h4 36. Ra2 hxg3 37. hxg3 Rh7 38. Rxa3 Rxa3 39. Qxa3 Qh8 40. Kf1 Rh1+ 41. Ke2
Rxd1 42. Kxd1 Qd4+ 43. Ke1 Kf7 44. Qa7 Qc3+ 45. Kf1 Qc4+ 46. Kg1 e3 47. fxe3 Qc1+
48. Kf2 Qd2+ 49. Ne2 Nxd5 50. e4 Nb4 51. Qxc7+ Kg6 52. Kf1 Qd1+ 53. Kf2 Qd2 54.
Kf1 Nc2 55. Nf4+ Kh6 56. Qb6 Ne3+ 57. Kg1 Qd1+ 58. Kh2 Qd2+ 59. Kg1 Qe1+ 60. Kh2
Qf2+ 61. Kh1 Qf3+ 62. Kh2 Qf2+ 63. Kh1 Qf1+ 64. Kh2 Qf2+ 65. Kh1 Qe1+ 66. Kh2
Qf2+ 1/2-1/2

[Event "DRUZYNOWE MISTRZOSTWA POLSKI - II LIGA 2018"]
[Site "Jastrzebia Gora"]
[Date "1899-12-30"]
[Round "2.40"]
[White "Smolka, Marcin"]
[Black "Mazalon, Mariusz"]
[Result "1/2-1/2"]
[WhiteTitle "k"]
[BlackTitle "k"]
[WhiteElo "2194"]
[BlackElo "2012"]

1. e4 c5 2. c4 Nc6 3. Nf3 e5 4. Be2 d6 5. Nc3 g6 6. d3 Bg7 7. h4 h6 8. Nd5 Nge7
9. Be3 Be6 10. Qd2 Qd7 11. Bd1 Nd4 12. Bxd4 exd4 13. Nf4 O-O 14. Nxe6 Qxe6 15.
O-O Nc6 16. Nh2 f5 17. exf5 gxf5 18. Bf3 Qd7 19. Bd5+ Kh7 20. f4 Ne7 21. Bf3 Bf6
22. Qf2 Rg8 23. Kh1 Rg7 24. Rg1 Rag8 25. g3 d5 26. b3 dxc4 27. bxc4 b5 28. cxb5
Qxb5 29. g4 fxg4 30. Nxg4 Rf8 31. Be4+ Kh8 32. Nxf6 Rxf6 33. Rxg7 Kxg7 34. Rg1+
Kf8 35. Qg3 Rf7 36. f5 Qb6 37. Qe5 Rf6 38. h5 Qd6 39. Qxd6 Rxd6 40. Rc1 Kf7 41.
Rxc5 Ra6 42. Rc4 Kf6 43. Rxd4 Nxf5 44. Bxf5 Kxf5 45. a4 Ra5 46. Rc4 Rd5 47. Rc7
Ra5 48. Rc4 Ke5 1/2-1/2

[Event "DRUZYNOWE MISTRZOSTWA POLSKI - II LIGA 2018"]
[Site "Jastrzebia Gora"]
[Date "1899-12-30"]
[Round "2.41"]
[White "Skowronski, Piotr"]
[Black "Suliborski, Jakub"]
[Result "0-1"]
[WhiteTitle "I+"]
[BlackTitle "k"]
[WhiteElo "2025"]
[BlackElo "2117"]

1. c4 e5 2. Nc3 Nc6 3. g3 d6 4. Bg2 Be6 5. d3 Qd7 6. e4 Be7 7. Nge2 Bh3 8. O-O
h5 9. f3 Bxg2 10. Kxg2 h4 11. g4 h3+ 12. Kh1 g6 13. Nd5 f5 14. gxf5 gxf5 15. b4
Bh4 16. b5 Nce7 17. Rb1 Nxd5 18. cxd5 Nf6 19. Be3 Rg8 20. Rg1 Kf7 21. Qf1 f4 22.
Bf2 Bg5 23. Qe1 Bh6 24. d4 Rg2 25. dxe5 dxe5 26. Bh4 Ng4 27. Rxg2 hxg2+ 28. Kxg2
Ne3+ 29. Kh1 Qh3 30. Qf2 Rg8 31. Rg1 Rh8 32. Rc1 Bf8 33. Rxc7+ Ke8 34. Rxb7 Rxh4
35. Ng1 Qg3 36. Qb2 Bd6 37. b6 a6 38. Qe2 Nd1 0-1

[Event "DRUZYNOWE MISTRZOSTWA POLSKI - II LIGA 2018"]
[Site "Jastrzebia Gora"]
[Date "1899-12-30"]
[Round "2.42"]
[White "Parol, Pola"]
[Black "Mackiewicz, Anna"]
[Result "1-0"]
[WhiteTitle "WFM"]
[BlackTitle "k+"]
[WhiteElo "2108"]
[BlackElo "1850"]

1. e4 e6 2. d4 d5 3. Nd2 dxe4 4. Nxe4 Nf6 5. Bd3 Nxe4 6. Bxe4 c5 7. Nf3 cxd4 8.
Qxd4 Qxd4 9. Nxd4 f5 10. Bd3 Nc6 11. Nb5 Bb4+ 12. c3 Ba5 13. Bf4 h6 14. O-O-O
e5 15. Bxe5 Nxe5 16. Rhe1 Kf7 17. Rxe5 Kf6 18. f4 Rd8 19. g3 a6 20. Nd4 Bc7 21.
Re2 Bb6 22. Bc4 Bxd4 23. Rxd4 Rxd4 24. cxd4 Bd7 25. Kd2 Rd8 26. Re5 Bc8 27. Ke3
b6 28. h4 g6 29. d5 Rd6 30. Re8 Bd7 31. Rb8 a5 32. Kd4 Be6 33. a4 Bd7 34. b3 Be6
35. Re8 Bd7 36. Rd8 Ke7 37. Rh8 Kf6 38. h5 Kg7 39. Rd8 Kf6 40. Bb5 Ke7 41. Rxd7+
1-0

[Event "DRUZYNOWE MISTRZOSTWA POLSKI - II LIGA 2018"]
[Site "Jastrzebia Gora"]
[Date "1899-12-30"]
[Round "2.43"]
[White "Kozak, Antoni"]
[Black "Chojnacki, Slawomir"]
[Result "1-0"]
[WhiteTitle "k"]
[BlackTitle "k"]
[WhiteElo "2231"]
[BlackElo "2237"]

1. d4 c6 2. c4 Nf6 3. Nc3 g6 4. e4 d6 5. f4 Bg7 6. Nf3 Na6 7. Be2 c5 8. d5 O-O
9. O-O Rb8 10. e5 Ne8 11. Qe1 e6 12. Qg3 Nb4 13. f5 Nc2 14. f6 Bh8 15. Bh6 Nxa1
16. Bxf8 Kxf8 17. Qh4 h5 18. Qf4 dxe5 19. Qh6+ Kg8 20. Ng5 Nxf6 21. Nce4 Bg7 22.
Nxf6+ Kf8 23. Ngh7+ Ke7 24. Qxg7 1-0

[Event "DRUZYNOWE MISTRZOSTWA POLSKI - II LIGA 2018"]
[Site "Jastrzebia Gora"]
[Date "1899-12-30"]
[Round "2.44"]
[White "Nowak, Kamil"]
[Black "Sendera, Jaroslaw"]
[Result "1-0"]
[WhiteTitle "m"]
[BlackTitle "FM"]
[WhiteElo "2288"]
[BlackElo "2269"]

1. e4 c5 2. Nf3 Nc6 3. d4 cxd4 4. Nxd4 Nf6 5. Nc3 d6 6. Bg5 e6 7. Qd2 a6 8. O-O-O
Bd7 9. f4 Be7 10. Nf3 b5 11. Bxf6 gxf6 12. f5 Qa5 13. fxe6 fxe6 14. Kb1 Rc8 15.
Bd3 Nb4 16. Rhe1 O-O 17. Nd4 Rxc3 18. Qxc3 Qxa2+ 19. Kc1 f5 20. Nf3 Qa4 21. Qb3
Qxb3 22. cxb3 Rc8+ 23. Kd2 Nxd3 24. Kxd3 fxe4+ 25. Rxe4 e5 26. Re3 Bf5+ 27. Ke2
e4 28. Kf1 Kf7 29. Nd4 Bg6 30. Rc3 Rc5 31. Rxc5 dxc5 32. Ne2 Bf6 33. Ra1 Bxb2
34. Rxa6 Ke7 35. Rb6 b4 36. Rc6 Bd4 37. Nxd4 cxd4 38. Ke2 Bh5+ 39. Ke1 Bf7 40.
Rb6 Bxb3 41. Rxb4 Bd5 42. Rxd4 Ke6 43. Ke2 Ke5 44. Ke3 h5 45. Rb4 h4 46. h3 Kf5
47. Rb8 Kg6 48. Kf4 Kh7 49. Rb2 Kg6 50. Kg4 Kf6 51. Kf4 Kg6 52. Rb6+ Kg7 53. Rd6
Ba8 54. Kg5 Kf7 55. Ra6 Bd5 56. Ra5 Bc6 57. Kxh4 e3 58. Kg3 e2 59. Re5 1-0

[Event "DRUZYNOWE MISTRZOSTWA POLSKI - II LIGA 2018"]
[Site "Jastrzebia Gora"]
[Date "1899-12-30"]
[Round "2.45"]
[White "Mika, Tomasz"]
[Black "Piotrowski, Przemyslaw"]
[Result "1-0"]
[WhiteTitle "I++"]
[BlackTitle "k+"]
[WhiteElo "2141"]
[BlackElo "2306"]

1. d4 Nf6 2. Bf4 g6 3. Nc3 d5 4. e3 Bg7 5. h4 h5 6. Be2 c5 7. Nb5 Na6 8. c3 Bd7
9. a4 O-O 10. Nf3 Ng4 11. Ne5 Nxe5 12. dxe5 Bc6 13. Rg1 c4 14. g4 hxg4 15. Bxg4
Nc5 16. Be2 Bxb5 17. axb5 e6 18. h5 Ne4 19. Bf3 Nc5 20. Be2 Qe8 21. Qc2 Qxb5 22.
Rd1 Rae8 23. h6 Nd3+ 24. Rxd3 cxd3 25. Bxd3 Qa5 26. Ke2 f5 27. Rxg6 Rf7 28. Bg5
Kh7 29. Rxg7+ Rxg7 30. hxg7 Kxg7 31. Qc1 Qc7 32. Bf6+ Kf8 33. Qh1 1-0

[Event "DRUZYNOWE MISTRZOSTWA POLSKI - II LIGA 2018"]
[Site "Jastrzebia Gora"]
[Date "1899-12-30"]
[Round "2.46"]
[White "Fudalej, Michal"]
[Black "Walentukiewicz, Michal"]
[Result "1-0"]
[WhiteTitle "FM"]
[BlackTitle "CM"]
[WhiteElo "2209"]
[BlackElo "2064"]

1. Nf3 g6 2. c4 Bg7 3. Nc3 Nf6 4. g3 O-O 5. Bg2 d6 6. O-O e5 7. d3 a5 8. Rb1 h6
9. a3 Nc6 10. b4 axb4 11. axb4 Be6 12. b5 Ne7 13. Bb2 Qd7 14. Re1 Bh3 15. Bh1
Qg4 16. Ra1 Qh5 17. Qb3 Be6 18. Qb4 Ng4 19. Rxa8 Rxa8 20. Ra1 Rf8 21. Bg2 g5 22.
c5 Nf6 23. cxd6 Nfd5 24. Qa3 cxd6 25. Nxd5 Nxd5 26. Qxd6 Nf6 27. Qe7 Re8 28. Qxb7
Bd5 29. Qc7 e4 30. dxe4 Bxe4 31. Ne5 Ng4 32. Nxg4 Bxb2 33. Qd7 Re6 34. Bxe4 Bxa1
35. f3 Kg7 36. e3 Bf6 37. Kg2 Bb2 38. h3 Ba3 39. Qd4+ f6 40. Qa7+ Be7 41. Bd5
Qf7 42. Qa2 1-0